Words of the Prophet Muhammad : Selection from the Hadith (Record no. 321126)

000 -LEADER
fixed length control field 00384 a2200145 4500
001 - CONTROL NUMBER
control field 86053
003 - CONTROL NUMBER IDENTIFIER
control field NUST
005 - DATE AND TIME OF LATEST TRANSACTION
control field 20180124103142.0
008 - FIXED-LENGTH DATA ELEMENTS--GENERAL INFORMATION
fixed length control field 180120b xxu||||| |||| 00| 0 eng d
020 ## - INTERNATIONAL STANDARD BOOK NUMBER
International Standard Book Number 9788185063720
082 ## - DEWEY DECIMAL CLASSIFICATION NUMBER
Classification number 297.63 WAH
100 ## - MAIN ENTRY--PERSONAL NAME
Personal name Maulana Wahiduddin Khan
9 (RLIN) 9308
245 ## - TITLE STATEMENT
Title Words of the Prophet Muhammad : Selection from the Hadith
260 ## - PUBLICATION, DISTRIBUTION, ETC.
Place of publication, distribution, etc. India
Name of publisher, distributor, etc. Al Risala Books
Date of publication, distribution, etc. 1996
300 ## - PHYSICAL DESCRIPTION
Extent 112p.
500 ## - GENERAL NOTE
General note PAF Book Club
942 ## - ADDED ENTRY ELEMENTS (KOHA)
Institution code [OBSOLETE] CAE NUST
Koha item type Book
Call number prefix 297.63 WAH
Source of classification or shelving scheme
Holdings
Withdrawn status Lost status Damaged status Not for loan Collection code Permanent Location Current Location Date acquired Total Checkouts Full call number Barcode Date last seen Price effective from Koha item type
          College of Aeronautical Engineering (CAE) College of Aeronautical Engineering (CAE) 04/03/2017   297.63 WAH CAE85116 04/05/2017 04/05/2017 Book
          College of Aeronautical Engineering (CAE) College of Aeronautical Engineering (CAE) 04/03/2017   297.63 WAH CAE85117 04/05/2017 04/05/2017 Book
© 2023 Central Library, National University of Sciences and Technology. All Rights Reserved.